KOHA-Header-6

Operating System Projects (Record no. 8055)

000 -LEADER
fixed length control field 00261nam a2200109Ia 4500
100 ## - MAIN ENTRY--AUTHOR NAME
Personal name Nutt,Gary
245 #0 - TITLE STATEMENT
Title Operating System Projects
260 ## - PUBLICATION, DISTRIBUTION, ETC. (IMPRINT)
Place of publication England
Name of publisher Microsoft Press
Year of publication 1998
300 ## - PHYSICAL DESCRIPTION
Number of Pages 716
942 ## - ADDED ENTRY ELEMENTS (KOHA)
Koha item type Books
Holdings
Withdrawn status Lost status Collection code Permanent Location Current Location Shelving location Date acquired Full call number Accession Number Koha item type
    Computer Science MAJU MAJU   2019-09-13 005.5 2436 Computer Science

Powered by Koha